00582nam a2200145Ia 4500008004100000020001800041050002200059100002400081245007600105260004100181300002000222650007800242952009900320999001700419120721s9999 xx 000 0 und d a968-6664-53-5 aR854.M4 P426 1991 aPérez Tamayo, Ruy aNotas sobre la ignorancia médica y otros ensayos / Ruy Pérez Tamayo aMéxico : El Colegio Nacional, 1991 a260 p. ; 22 cm. a1. Medicina - Investigación - México 2. Errores medicos - MéxicoÌ 00104070a08b08d2010-06-07l0oR854.M4 P426 1991p08 003583r2012-07-20t1w2012-07-20yLB c82657d82657